| 000 | 01834cam a2200445 i 4500 | ||
|---|---|---|---|
| 001 | 24043432 | ||
| 003 | AUA.1 | ||
| 005 | 20251027092933.0 | ||
| 007 | t| | ||
| 008 | 250226s2025 idua b 000 0ceng | ||
| 010 | _a 2025005687 | ||
| 020 |
_a9780816370580 _qtrade paperback |
||
| 020 |
_z9780816370597 _qebook |
||
| 035 | _a24043432 | ||
| 035 | _a(DLC)24043432 | ||
| 040 |
_aDLC _beng _erda _cDLC _dDLC _dDLC-MRC |
||
| 042 | _apcc | ||
| 043 | _an-us-ca | ||
| 050 | 0 | 0 |
_aBX6117.7.C3 _bW53 2025 |
| 082 | 0 | 0 |
_a286.7/794 _223/eng/20250318 |
| 100 | 1 |
_aWibberding, Jim _eauthor _4aut _4http://id.loc.gov/vocabulary/relators/aut |
|
| 245 | 1 | 0 |
_aWalking with the pioneers : _bthe captivating story of West-Coast Adventism / _cJim Wibberding. |
| 260 |
_aNampa, ID _bPacific Press _c2025 |
||
| 300 |
_a160 pages : _billustrations ; _c23 cm |
||
| 505 | _aIntroduction to the Advent Movement | ||
| 505 | _aSan Francisco | ||
| 505 | _aPetaluma | ||
| 505 | _aWindsor, Santa Rosa, and Bloomfield | ||
| 505 | _aOakland, Yountville, and Mountain View | ||
| 505 | _aNapa, Rutherford, and St. Helena | ||
| 505 | _aHealdsburg and Angwin | ||
| 505 | _aSan Diego, Los Angeles, and Loma Linda | ||
| 505 | _aWest Coast Adventism in Retrospect and Prospect | ||
| 520 | _a"A tour guide to the lives, mission, and places of those who kindled the Seventh-day Adventist flame in California"-- Provided by publisher. | ||
| 650 | 0 |
_aSeventh-Day Adventists _zUnited States _zCalifornia _xHistory. |
|
| 650 | 0 |
_aSeventh-Day Adventists _zUnited States _zCalifornia _vBiography. |
|
| 655 | 7 |
_aBiographies _2lcgft |
|
| 776 | 0 | 8 |
_iOnline version _aWibberding, Jim _tWalking with the pioneers _d[Nampa] : [Pacific Press Publishing Association], [2025] _z9780816370597 _w(DLC) 2025005688 |
| 942 |
_2lcc _cBOOK _hBX6117.7.C3 _iW53 2025 |
||
| 999 |
_c25238 _d25238 |
||